Представление документа в формате RUSMARC

ПолеНазваниеЗначение
  Тип записи a
  Библиографический уровень m
001 Контрольный номер RU/IS/BASE/290617303
005 Дата корректировки 20201206204629.1
010 Индекс ISBN __
a ISBN 978-5-699-29892-1
d Цена 280-00
101 Язык документа __
a Язык текста rus
c Язык оригинала rus
200 Заглавие и сведения об ответственности 1_
a Заглавие Энциклопедия аномальных явлений
e Сведения, относящиеся к заглавию [НЛО и аномальные природные явления, феномен замедленного времени, непорочное зачатие и плачущие иконы, свидетельства с Того Света, таинственные существа]
f Первые сведения об ответственности В. В. Деружинский
b Общее обозначение материала Текст
210 Выходные данные __
a Место издания М.
c Издательство ЭКСМО
d Дата издания 2008
215 Физическое описание __
a Объем 430, [1] с.
330 Аннотация __
a Аннотация В жизни нас окружает множество странных и удивительных явлений: необъяснимые события происходят с нашими родственниками и знакомыми, мы читаем об аномальных феноменах в газетах, смотрим телевизионные передачи. Немало уникальных свидетельств встречается и в документах и книгах прошедших эпох.
606 Тематические рубрики __
a Основная рубрика Общенаучные и междисциплинарные знания
606 Тематические рубрики __
a Основная рубрика Уфология
610 Ключевые слова __
a Ключевые слова аномальные явления; аномальные зоны; аномальные климатические проявления; аномалии; НЛО; неопознанные летающие объекты; инопланетяне; инопланетные существа; инопланетные цивилизации; левитация; дестинология; городская мистика; мистика; галлюцинации; телегония; непорочное зачатие; родинки; загадки; тайны; живая вода; мертвая вода; бессмертие; смерть; загробная жизнь; загробный мир; реинкарнация; стигматы; Ноев ковчег
686 Индексы других классификаций __
a Классификационный индекс 20.3я2
700 Автор _1
a Фамилия Деружинский
b Имя В. В.
g Полное личное имя Вадим Владимирович
4 Код отношения 070
801 Источник записи _0
a Страна RU
b Организация Муниципальное бюджетное учреждение культуры "Централизованная библиотечная система" г. Сургут (Центральная городская библиотека им. А. С. Пушкина)
g Правила каталогизации КиК/Поспелова
801 Источник записи _1
a Страна RU
b Организация Муниципальное бюджетное учреждение культуры "Централизованная библиотечная система" г. Сургут (Центральная городская библиотека им. А. С. Пушкина)
g Правила каталогизации КиК/Поспелова
852 Данные о местонахождении __
j Шифр хранения 20.3я2
c Каталожный индекс 20.3я2
i Авторский знак Д 36
901 Тип документа __
t Тип документа m
903 Характеристики (МАРС) __
a Дата передачи 20090323
969 Тип издания __
a Тип издания энциклопедия
990 Данные о заказе (DOS) __
j Количество экземпляров (DOS) 1
t N записи в КСУ для И/У (DOS) 200904